Ausgewählte Kurze Klavierstücke Op. 71

Uložené v:
Podrobná bibliografia
Hlavný autor: Burghardt, Hans Georg (Composer)
Médium: Hudobnina
Jazyk:German
Vydané: Liepzig : C. F. Peters, [1949?].
Fyzický popis: 1 partitúra (23 strán).
Tagy: Pridať tag
Žiadne tagy, Buďte prvý kto otaguje tento záznam!

MARC

LEADER 00000ncm a2200000#i#4500
001 000701708
005 20230907084929.0
008 230907s1949 gw e 000 0 ger d
020 |c Kčs 6,25  |q (brožované) 
040 |a SVKK  |b slo  |c SVKK  |e rda 
100 1 |a Burghardt, Hans Georg  |4 cmp 
245 1 0 |a Ausgewählte Kurze Klavierstücke  |n Op. 71  |c H. G. Burghardt. 
264 1 |a Liepzig :  |b C. F. Peters,  |c [1949?]. 
300 |a 1 partitúra (23 strán). 
336 |a zápis hudby  |b ntm  |2 rdacontent 
337 |a bez média  |b n  |2 rdamedia 
338 |a zväzok  |b nc  |2 rdacarrier 
500 |a Záznam revízie 
910 |a svkkk 
998 |a MU 
090 |g SCKHL  |k Sklad Pribinova 3. posch.  |a V.27731  |j 198034  |i 2720865223  |s Prezenčne